>1>Show #8838 - Wednesday, March 29, 2023>div>
>div>

Contestants

>[&lt;< previous game]

> href="showplayer.php?player_id=15484" rel="external">Iris Masucci>, a pharmacist from Rockville, Maryland

> href="showplayer.php?player_id=15485" rel="external">Jordan Davis>, a private music teacher and choir director from Draper, Utah

> href="showplayer.php?player_id=15479" rel="external">Lisa Sriken>, a lawyer from New York, New York (whose 1-day cash winnings total $9,601)

>[next game >>]

Jeopardy! Round

ble class="round"> <tr> <tr>able>
>EUROPEAN NATIONAL NICKNAMES
>td>
<tr> <tr>able>
>WRITERS & POETS
>td>
<tr> <tr>able>
>COMMON BONDS
>td>
<tr> <tr>able>
>A REAL LONG SHOT
>td>
<tr> <tr>able>
>A DISASTER ARIA
>td>
<tr> <tr>able> </tr> <tr> </tr> <tr> </tr> <tr> </tr> <tr> </tr> <tr> </tr> <tr> </tr> <tr> </tr> <tr> </tr> <tr> </tr> <tr> </tr> <tr> </tr> <tr> </tr> <tr> </tr> <tr> </tr> <tr> </tr> <tr> </tr> <tr> </tr> <tr> </tr> <tr> </tr> <tr> </tr> <tr> </tr> <tr> </tr> <tr> </tr> <tr> </tr> <tr> </tr> <tr> </tr> <tr> </tr> <tr> </tr> <tr> </tr> <tr> </tr> <tr> </tr> <tr> </tr> <tr> </tr> <tr> </tr> <tr> </tr> able>

Scores at the first commercial break (after clue 15):

>Ps OUT!
>td>
<tr> <td>
>&#160;   >$200 > href="suggestcorrection.php?clue_id=454823" title="Suggest a correction for this clue" rel="nofollow">5>td>
>At different times in its history, this nation has been called Hibernia & the Celtic Tiger <tr> <td>
>&#160;   >$200 > href="suggestcorrection.php?clue_id=454842" title="Suggest a correction for this clue" rel="nofollow">26>td>
>You want tales? Oh, we got some tales to tell! "The Clerk's", "The Manciple's", "The Reeve's"... all part of this <tr> <td>
>&#160;   >$200 > href="suggestcorrection.php?clue_id=454837" title="Suggest a correction for this clue" rel="nofollow">19>td>
>Irrational,
ordinal,
>prime
<tr> <td>
>&#160;   >$200 > href="suggestcorrection.php?clue_id=454843" title="Suggest a correction for this clue" rel="nofollow">21>td>
>In game 3 of the 1970 NBA finals, Jerry West hit a 60-footer to force overtime against the Knicks-->but this team still lost <tr> <td>
>&#160;   >$200 > href="suggestcorrection.php?clue_id=454829" title="Suggest a correction for this clue" rel="nofollow">7>td>
>In a Gounod opera, Juliet sings to him that she forgives him for killing one of her clan <tr> <td>
>&#160;   >$200 > href="suggestcorrection.php?clue_id=454827" title="Suggest a correction for this clue" rel="nofollow">6>td>
>Get the double P out of a word meaning elated to get this fodder grass <tr> <td>
>&#160;   >$400 > href="suggestcorrection.php?clue_id=454824" title="Suggest a correction for this clue" rel="nofollow">4>td>
>The Netherlands, meaning low-lying country, is also known as the land of these flowers <tr> <td>
>&#160;   >$400 > href="suggestcorrection.php?clue_id=454848" title="Suggest a correction for this clue" rel="nofollow">27>td>
>Always seeming to find large amounts of trouble, this CIA agent is the protagonist in "Clear & Present Danger" <tr> <td>
>&#160;   >$400 > href="suggestcorrection.php?clue_id=454838" title="Suggest a correction for this clue" rel="nofollow">18>td>
>Pencil,
walrus,
>handlebar
<tr> <td>
>&#160;   >$400 > href="suggestcorrection.php?clue_id=454844" title="Suggest a correction for this clue" rel="nofollow">22>td>
>This Manchester United superstar said a 55-yard score in 1996 "kicked open the door to the rest of my life" <tr> <td>
>&#160;   >$400 > href="suggestcorrection.php?clue_id=454830" title="Suggest a correction for this clue" rel="nofollow">8>td>
>"Lensky's Aria" from "Eugene Onegin" finds Lensky lamenting his fate after having agreed to this type of challenge <tr> <td>
>&#160;   >$400 > href="suggestcorrection.php?clue_id=454833" title="Suggest a correction for this clue" rel="nofollow">11>td>
>Delete the P from a word meaning cost & you'll get this non-costly grain <tr> <td>
>&#160;   >$600 > href="suggestcorrection.php?clue_id=454825" title="Suggest a correction for this clue" rel="nofollow">3>td>
>Norway is known as the land of the midnight sun & the land of these medieval marauders <tr> <td>
>&#160;   >$600 > href="suggestcorrection.php?clue_id=454849" title="Suggest a correction for this clue" rel="nofollow">28>td>
>Consecutive chapters in this book are "The Minister's Vigil" & "Another View of Hester" <tr> <td>
>&#160;   >$600 > href="suggestcorrection.php?clue_id=454828" title="Suggest a correction for this clue" rel="nofollow">15>td>
>Royals,
Guardians,
>Pirates
<tr> <td>
>&#160;   >$600 > href="suggestcorrection.php?clue_id=454845" title="Suggest a correction for this clue" rel="nofollow">23>td>
> href="https://www.j-archive.com/media/2023-03-29_J_23.jpg" target="_blank">Matt Stutzman>, a 2012 silver medalist at these international games, set a longstanding record for hitting an archery target 930.4 feet <tr> <td>
>&#160;   >$600 > href="suggestcorrection.php?clue_id=454831" title="Suggest a correction for this clue" rel="nofollow">9>td>
>Revenge spurs the queen of night in this Mozart opera as she urges her daughter towards murder in a bloodthirsty aria <tr> <td>
>&#160;   >$600 > href="suggestcorrection.php?clue_id=454834" title="Suggest a correction for this clue" rel="nofollow">12>td>
>Cut all 3 Ps from a flower of remembrance to get this Yiddish interjection <tr> <td>
>&#160;   >DD: $1,000 > href="suggestcorrection.php?clue_id=454826" title="Suggest a correction for this clue" rel="nofollow">2>td>
>Hungarians know their country not as the land of the Huns, but as the land of this nomadic people who settled there in the 9th c. <tr> <td>
>&#160;   >$800 > href="suggestcorrection.php?clue_id=454850" title="Suggest a correction for this clue" rel="nofollow">29>td>
>The many travails of the title hero of this Dumas novel include an involuntary swim> after being tossed into the sea <tr> <td>
>&#160;   >$800 > href="suggestcorrection.php?clue_id=454839" title="Suggest a correction for this clue" rel="nofollow">16>td>
>Herb,
rock,
>zen
<tr> <td>
>&#160;   >$800 > href="suggestcorrection.php?clue_id=454846" title="Suggest a correction for this clue" rel="nofollow">24>td>
>In a 1973 game against Buffalo, this Boston Bruin scored on a length-of-the-ice shot from behind his own goal line <tr> <td>
>&#160;   >$800 > href="suggestcorrection.php?clue_id=454832" title="Suggest a correction for this clue" rel="nofollow">10>td>
>Lammermoor Castle is witness to the grief of this woman & her aria "Il dolce suono" <tr> <td>
>&#160;   >$800 > href="suggestcorrection.php?clue_id=454835" title="Suggest a correction for this clue" rel="nofollow">13>td>
>Lose the paired Ps from a small wave to get this verb meaning to anger <tr> <td>
>&#160;   >$1000 > href="suggestcorrection.php?clue_id=454822" title="Suggest a correction for this clue" rel="nofollow">1>td>
>Due to its location, this small nation, a grand duchy, has been called the little fortress & the Gibraltar of the North <tr> <td>
>&#160;   >$1000 > href="suggestcorrection.php?clue_id=454851" title="Suggest a correction for this clue" rel="nofollow">30>td>
>Sethe is haunted by the ghost of her nameless baby, described by the title adjective of this Toni Morrison novel <tr> <td>
>&#160;   >$1000 > href="suggestcorrection.php?clue_id=454840" title="Suggest a correction for this clue" rel="nofollow">17>td>
>Blush,
baby,
>coral
<tr> <td>
>&#160;   >$1000 > href="suggestcorrection.php?clue_id=454847" title="Suggest a correction for this clue" rel="nofollow">25>td>
>In 2021 Jalen Suggs banked in a 40-foot buzzer-beater to eliminate UCLA & send this Washington school to the NCAA title game <tr> <td>
>&#160;   >$1000 > href="suggestcorrection.php?clue_id=454841" title="Suggest a correction for this clue" rel="nofollow">20>td>
>Meaning "none shall sleep", this> aria from "Turandot" carries an explicit threat of execution <tr> <td>
>&#160;   >$1000 > href="suggestcorrection.php?clue_id=454836" title="Suggest a correction for this clue" rel="nofollow">14>td>
>Slice the double P out of a tree fruit to get this fermented beverage
Lisa Jordan Iris
$4,400 $1,400 $2,800

Scores at the end of the Jeopardy! Round:

Lisa Jordan Iris
$5,400 $4,000 $6,200

Double Jeopardy! Round

ble class="round">
<tr> <tr>able>
>SCIENCE INITIALS & ACRONYMS
>td>
<tr> <tr>able>
>DALĂŤ GOES HOLLYWOOD
>td>
<tr> <tr>able>
>TREE-NAMED PLACES
>td>
<tr> <tr>able> </tr> <tr>
>SYNONYMS
>td>
<tr> <tr>able>
>PLANES, TRAINS
>td>
<tr> <tr>able> </tr> <tr> </tr> <tr> </tr> <tr> </tr> <tr> </tr> <tr> </tr> <tr> </tr> <tr> </tr> <tr> </tr> <tr> </tr> <tr> </tr> <tr> </tr> <tr> </tr> <tr> </tr> <tr> </tr> <tr> </tr> <tr> </tr> <tr> </tr> <tr> </tr> <tr> </tr> <tr> </tr> <tr> </tr> <tr> </tr> <tr> </tr> <tr> </tr> <tr> </tr> <tr> </tr> <tr> </tr> <tr> </tr> <tr> </tr> <tr> </tr> <tr> </tr> <tr> </tr> <tr> </tr> <tr> </tr> <tr> </tr> able>

Scores at the end of the Double Jeopardy! Round:

>AUTOCRATS
>td>
<tr> <td>
>&#160;   >$400 > href="suggestcorrection.php?clue_id=454861" title="Suggest a correction for this clue" rel="nofollow">14>td>
>Helping you walk & talk, CNS is short for this <tr> <td>
>&#160;   >$400 > href="suggestcorrection.php?clue_id=454853" title="Suggest a correction for this clue" rel="nofollow">6>td>
>DalĂ­ wrote a movie for this comedy group, including a scene where Chico plays the piano in a diving suit <tr> <td>
>&#160;   >$400 > href="suggestcorrection.php?clue_id=454871" title="Suggest a correction for this clue" rel="nofollow">25>td>
>The Black Panther Party was founded in this Northern California city in 1966 >Jordan>d class="wrong">Iris>tr>>able width="100%">>d class="wrong">Triple Stumper>tr>>td> </tr> able> <tr> <td>
>&#160;   >$400 1>td>
The name of this animal seen >here is a synonym of "chatter at length" <tr> <td>
>&#160;   >$400 26>td>
The British Harrier "Jump Jet" was the first operational airplane with VTOL capability, this "takeoff and landing" <tr> <td>
>&#160;   >$400 19>td>
Miguel Primo de Rivera, this country's 1920s dictator, repressed the Catalans who'd supported him <tr> <td>
>&#160;   >$800 15>td>
The logo seen >here belongs to the NRC, the independent organization known by this name <tr> <td>
>&#160;   >$800 7>td>
DalĂ­ designed a deck of these cards for the James Bond film "Live & Let Die", but they weren't used <tr> <td>
>&#160;   DD: $6,000 27>td>
This town in the Mojave Desert is named for a plant that early settlers said reminded them of a biblical guy <tr> <td>
>&#160;   >$800 2>td>
Homily is another word for one of these religious speeches delivered from the pulpit to a congregation <tr> <td>
>&#160;   >$800 24>td>
Running above 15,000 feet, the >Peruvian Central Railway carries oxygen for passengers suffering from soroche, this sickness <tr> <td>
>&#160;   >$800 23>td>
Central American strongman Omar Torrijos negotiated the 1977 treaties to cede this to his country's control <tr> <td>
>&#160;   $1200 16>td>
Once big in televisions, CRT is short for this <tr> <td>
>&#160;   $1200 11>td>
Spencer Tracy has a surreal dream of crawling down the aisle in a sequence inspired by DalĂ­ for this 1950 comedy <tr> <td>
>&#160;   $1200 28>td>
This lofty Colorado city is on the Roaring Fork River <tr> <td>
>&#160;   $1200 8>td>
Enjoy the view or this, also starting with "V", one letter longer <tr> <td>
>&#160;   $1200 3>td>
When it started service in 1862, the Flying Scotsman rail route took 10 1/2 hours between these 2 cities; now it does it in 4 <tr> <td>
>&#160;   $1200 20>td>
After his troops opened fire on demonstrators in 1989, this country's Nicolae Ceausescu was chased from power & executed <tr> <td>
>&#160;   $1600 17>td>
Of the 3 words that combine to make LORAN, it's last, admiral <tr> <td>
>&#160;   $1600 > href="suggestcorrection.php?clue_id=454867" title="Suggest a correction for this clue" rel="nofollow">12>td>
>DalĂ­ created the weird dream imagery used in this director's 1945 film "Spellbound" <tr> <td>
>&#160;   $1600 > href="suggestcorrection.php?clue_id=454880" title="Suggest a correction for this clue" rel="nofollow">29>td>
>Seen here>, this South Carolina resort sounds like it has 2 trees in its name <tr> <td>
>&#160;   DD: $3,000 > href="suggestcorrection.php?clue_id=454857" title="Suggest a correction for this clue" rel="nofollow">9>td>
>In opera, diva is a synonym for this 2-word Italian term <tr> <td>
>&#160;   $1600 > href="suggestcorrection.php?clue_id=454859" title="Suggest a correction for this clue" rel="nofollow">4>td>
>The largest wooden plane> ever built, the Howard Hughes project with this rhyming name was actually mostly birch <tr> <td>
>&#160;   $1600 > href="suggestcorrection.php?clue_id=454876" title="Suggest a correction for this clue" rel="nofollow">21>td>
>Saloth Sar was the birth name of this despot whose brutal 1975-1979 regime killed more than a million Cambodians <tr> <td>
>&#160;   $2000 > href="suggestcorrection.php?clue_id=454865" title="Suggest a correction for this clue" rel="nofollow">18>td>
>Regarding hazardous substances at work, REL stands for "recommended" this "limit" <tr> <td>
>&#160;   $2000 > href="suggestcorrection.php?clue_id=454868" title="Suggest a correction for this clue" rel="nofollow">13>td>
>Adrien Brody plays DalĂ­ during one of Owen Wilson's magical French walks in this Woody Allen movie <tr> <td>
>&#160;   $2000 > href="suggestcorrection.php?clue_id=454881" title="Suggest a correction for this clue" rel="nofollow">30>td>
>This tree comes before "Bluff" in the name of a city in Missouri <tr> <td>
>&#160;   $2000 > href="suggestcorrection.php?clue_id=454869" title="Suggest a correction for this clue" rel="nofollow">10>td>
>Making a departure? Use a synonym from religion, like Exodus or this journey that covered about 210 miles in 622 A.D. <tr> <td>
>&#160;   $2000 > href="suggestcorrection.php?clue_id=454860" title="Suggest a correction for this clue" rel="nofollow">5>td>
>Australia's Indian Pacific train runs from Sydney on the Pacific side to this state capital 2,000 miles to the west <tr> <td>
>&#160;   $2000 > href="suggestcorrection.php?clue_id=454877" title="Suggest a correction for this clue" rel="nofollow">22>td>
>Omar al-Bashir is currently awaiting trial for atrocities in this region of Western Sudan
Lisa Jordan Iris
$21,400 $5,200 $17,200

>[wagering suggestions for these scores]

Final Jeopardy! Round

ble class="final_round">
<table> <tr>d class="category_name">AMERICAN AUTHORS>tr>
>td>tr>
iv>
<tr> <td id="clue_FJ" class="clue_text">In a periodical in 1807, he called New York City "Gotham, Gotham! most enlightened of cities"
>Jordan>d rowspan="2" valign="top">Who is Thomas Paine?>tr>r>d>$5,000>tr>r>>Iris>d rowspan="2" valign="top">Who is Harper?>tr>r>d>$8,200>tr>>d class="wrong">Lisa>d rowspan="2" valign="top">Who is goodbye cruel world>tr>r>d>$4,201>tr>table>m class="correct_response">Washington Irving>td> </tr> able> >var>

Final scores:

Lisa Jordan Iris
$17,199 $200 $9,000
2-day champion: $26,800 3rd place: $1,000 2nd place: $2,000

Game dynamics:

Game dynamics graph > href="help.php#coryatscore">Coryat scores:
Lisa Jordan Iris
$16,000 >$5,200 $15,800
>26 R
(including 2 DDs),
>6 W
>11 R,
2 W
17 R
>(including 1 DD),
1 W

>Combined Coryat: $37,000

>[game responses] >[game scores] >[suggest correction]

Game tape date: 2023-01-11
The J! Archive is created by fans, for fans. Scraping, republication, monetization, and malicious use prohibited; this site may use cookies and collect identifying information. See terms. The Jeopardy! game show and all elements thereof, including but not limited to copyright and trademark thereto, are the property of Jeopardy Productions, Inc. and are protected under law. This website is not affiliated with, sponsored by, or operated by Jeopardy Productions, Inc. Join the discussion at JBoard.tv.